| 000 | 01112cab a2200265 4500 | ||
|---|---|---|---|
| 001 | ABS53135 | ||
| 008 | 090401t1995 xxu||||| |||| 00| 0 eng d | ||
| 035 | _a(Sirsi) u2316 | ||
| 041 | _aeng | ||
| 100 | _aCrossley-Smith, T. | ||
| 245 | _aResidential valuations should carry a loud health warning | ||
| 260 | _c1995 | ||
| 350 | _a0 | ||
| 490 |
_aProperty Week _v51(11) 15 June 1995, 28(1) |
||
| 520 | _aChanges in market conditions can have serious implications for the valuation of speculative developments. Argues that the best way to avoid a claim of negligence is to state clearly the consequences of any such changes. This to a large extent has been tackled in VGN12 and is also being considered by the RICS Asset Valuation Standards Committee. | ||
| 650 | _aMANUAL OF VALUATION GUIDANCE NOTE | ||
| 650 | _aRICS ASSET VALUATION STANDARDS COMMITTEE | ||
| 650 | _aSPECULATIVE DEVELOPMENT | ||
| 650 | _aSTATEMENTS OF VALUATION AND APPRAISAL PRACTICE AND GUIDANCE NOTES | ||
| 650 | _aVALUATION ISSUES | ||
| 650 | _aVGN12 | ||
| 690 | _aRATING AND VALUATION | ||
| 942 | _n0 | ||
| 948 | _c04/03/1997 | ||
| 999 |
_c1401 _d1401 |
||